| Tag |
First Indicator |
Second Indicator |
Subfields |
| LEADER |
00000cam a2200000 i 4500 |
| 001 |
in00000046542 |
| 005 |
20151007073247.0 |
| 008 |
790712s1978 enkaf b 00110 eng |
| 010 |
|
|
|a 79308318
|
| 015 |
|
|
|a GB***
|
| 020 |
|
|
|a 0198131917 :
|c 15.00
|
| 035 |
|
|
|a (OCoLC)05288312
|
| 035 |
|
|
|9 AAE9414AM
|
| 040 |
|
|
|a DLC
|c DLC
|d TXA
|d UtOrBLW
|
| 043 |
|
|
|a a-iq---
|
| 049 |
|
|
|a TXAM
|c [1191863]
|
| 050 |
0 |
0 |
|a DS70.5.K5
|b F55 1978
|
| 082 |
0 |
|
|a 935
|
| 110 |
2 |
|
|a Field Museum-Oxford University Joint Expedition to Mesopotamia.
|
| 245 |
1 |
0 |
|a Kish excavations, 1923-1933 :
|b with a microfiche catalogue of the objects in Oxford excavated by the Oxford-Field Museum, Chicago, Expedition to Kish in Iraq, 1923-1933 /
|c by P. R. S. Moorey.
|
| 264 |
|
1 |
|a Oxford :
|b Clarendon Press ;
|a New York :
|b Oxford University Press,
|c 1978.
|
| 300 |
|
|
|a xxi, 213 pages, 18 unnumbered leaves of plates :
|b illustrations ;
|c 24 cm.
|a & microfiche (4 cards : 11 x 15 cm.) in pocket.
|
| 336 |
|
|
|a text
|b txt
|2 rdacontent
|
| 337 |
|
|
|a unmediated
|b n
|2 rdamedia
|
| 338 |
|
|
|a volume
|b nc
|2 rdacarrier
|
| 500 |
|
|
|a At head of title: Ashmolean Museum, Oxford.
|
| 500 |
|
|
|a Includes indexes.
|
| 504 |
|
|
|a Bibliography: pages 187-199.
|
| 651 |
|
0 |
|a Kish (Extinct city)
|
| 700 |
1 |
|
|a Moorey, P. R. S.
|q (Peter Roger Stuart),
|d 1937-
|
| 710 |
2 |
|
|a Ashmolean Museum.
|
| 999 |
|
|
|a MARS
|
| 999 |
f |
f |
|s 373f8731-bd6e-398e-ab57-a98a1463d31a
|i 0d637a3b-552a-31ba-8084-5fb752085916
|t 0
|
| 952 |
f |
f |
|p ric
|a Texas A&M University
|b Rellis Campus
|c Joint Library Facility
|d Remote Storage
|t 0
|e DS70.5.K5 F55 1978
|h Library of Congress classification
|i unmediated -- volume
|m A14802028077
|
| 998 |
f |
f |
|a DS70.5.K5 F55 1978
|t 0
|l Remote Storage
|